00458nam a2200169Ia 4500003000400000008004100004040001600045082001600061100002200077245008100099260003800180300001000218650000900228650001200237650001600249650002300265GCL140319s9999 xx 000 0 eng d aGCL / cGCL04a704.94bT H1 aTERRASSE, CHARLES10aHISTOIRE DE L'ART: ART ROMAN ART GOTHIQUE, RENAISSANCE / cTERRASSE, CHARLES a[S.N] : bHENRI LOVRENS ، c1950 a256 P04aARTS04aHISTORY04aART, GOTHIC04aRENAISSANCE PERIOD